000 01523nabaa22001937a 4500
999 _c6105
_d6105
003 OSt
005 20260122085454.0
008 190701b xxu||||| |||| 00| 0 spa d
040 _cPJ
100 _96873
_aRivera, Fernando Manuel
245 1 3 _aEl dominio y jurisdicción de las provincias con litoral marítimo en materia de pesca :
_bantecedentes de las provincias con litoral marítimo /
_cFernando Manuel Rivera.
300 _ap. 71-100
505 _aSumario: I. La provincia de Buenos Aires.— II. La creación de las provincias patagónicas.— III. La determinación de límites en las constituciones de las provincias con litoral marítimo.— IV. Los límites provinciales en la jurisprudencia de la Corte Suprema.— V. La competencia en las causas de almirantazgo y jurisdicción marítima.— VI. La evolución de los derechos de los estados sobre el mar y la evolución de la legislación pesquera argentina.— VII. El art. 124 de la Constitución argentina de 1994.— VIII. La federalización de los hidrocarburos.— IX. Primacía del derecho federal.— X. La Convención de Derechos del Mar.— XI. La jurisprudencia de la Corte Suprema sobre los recursos pesqueros.
505 _t¿Te interesa el texto completo? Comunicate al correo: koha@justierradelfuego.gov.ar
650 0 _9211
_aDERECHO ADMINISTRATIVO
650 0 _96874
_aDERECHO DEL MAR
773 0 _02842
_93251
_dBuenos Aires : AbeledoPerrot, 2012-
_oDA121
_tDerecho administrativo. Nº 145 enero/febrero 2023
_z18510590
942 _2udc
_cANA